000 00488nam a2200169 i 4500
001 129498
003 ES-MaACL
005 20230906193519.0
007 t|
008 070625s1963 sp |||| | spa d
100 1 _aTeruel Carralero, Domingo.
_9109813
245 1 4 _aLas faltas
_b: apéndice /
_cDomingo Teruel Carralero.
260 _aBarcelona :
_bBosch,
_c1963.
300 _a35 p. ;
_c22 cm.
650 1 4 _aFaltas (Derecho penal)-
_zEspaña.
_9169221
852 _aES-MaACL
_j2038-F-21
999 _c129498
_d129498